La deuda extranjera en España 1822-1870 (Record no. 23277)

MARC details
000 -LEADER
campo de control de longitud fija 00503nam a2200145 i 4500
001 - NÚMERO DE CONTROL
campo de control 23277
003 - IDENTIFICADOR DE NÚMERO DE CONTROL
campo de control ES-MaACL
005 - FECHA Y HORA DE LA ÚLTIMA TRANSACCIÓN
campo de control 20230906152838.0
007 - CAMPO FIJO DE DESCRIPCIÓN FÍSICA--INFORMACIÓN GENERAL
campo de control de longitud fija t|
008 - DATOS DE LONGITUD FIJA--INFORMACIÓN GENERAL
campo de control de longitud fija 021210s1870 xxk ||||1| spa d
100 1# - ENTRADA PRINCIPAL--NOMBRE DE PERSONA
Nombre de persona Alvarez, J.
9 (RLIN) 20640
245 13 - MENCIÓN DEL TÍTULO
Título La deuda extranjera en España 1822-1870
Resto del título : reseña de las varias conversiones, un estudio demostrativo del resultado para el Gobierno y los poseedores de títulos /
Mención de responsabilidad, etc. J. Alvarez.
260 ## - PUBLICACIÓN, DISTRIBUCIÓN, ETC.
Lugar de publicación, distribución, etc. London :
Nombre del editor, distribuidor, etc. [s.n.],
Fecha de publicación, distribución, etc. 1870.
852 ## - LOCALIZACIÓN
Ubicación ES-MaACL
Número de control de estantería T-1286-F-1
Holdings
Estatus retirado Estado de pérdida Estado de daño No para préstamo Colección Biblioteca de origen Biblioteca actual Ubicación en estantería Fecha de adquisición Fuente de adquisición Total de préstamos Signatura topográfica completa Código de barras Visto por última vez Precio de reemplazo Tipo de ítem Koha
        Colección de folletos Biblioteca del Ateneo de Madrid Biblioteca del Ateneo de Madrid Depósito folletos 17/01/2008     T-1286-F-1 1023982 23/02/2023 23/02/2023 Folleto